[Event "Olimpiade 2014 - Open"]
[Site "Tromsø"]
[Date "02.08.2014"]
[Round "1.6"]
[Board "3"]
[White "Belouadah, Saad"]
[Black "Rapport, Richard"]
[Result "0-1"]
[WhiteTitle "IM"]
[BlackTitle "GM"]
[WhiteElo "2320"]
[BlackElo "2704"]
[WhiteTeam "Algeria"]
[BlackTeam "Hungary"]
[WhiteFideId "7900856"]
[BlackFideId "738590"]
[EventDate "2014.08.02"]

1. d4 g6 2. Nf3 Bg7 3. Bf4 d6 4. e3 Nd7 5. h3 e5 6. Bh2 Nh6 7. dxe5 dxe5 8. Nc3
O-O 9. Bc4 c6 10. O-O Qe7 11. a4 Nf5 12. Qe2 a5 13. Rad1 Nc5 14. Rd2 Nd6 15. e4
Nxc4 16. Qxc4 Bh6 17. Rd5 Nd7 18. Rdd1 Bg7 19. Qa2 Nb6 20. b3 f6 21. Ne1 f5 22.
Nd3 f4 23. f3 Be6 24. Kh1 Nd7 25. Nb1 Rfe8 26. Bg1 Qh4 27. c4 g5 28. Qf2 Qh5 29.
Qe2 Nf6 30. Nf2 Qh4 31. Ng4 Nh5 32. Bf2 Ng3+ 33. Bxg3 Qxg3 34. Rd3 Qh4 35. Rfd1
Qh5 36. Nd2 Qf7 37. Nf1 h5 38. Nf2 Bf8 39. g4 Bc5 40. gxh5 Qxh5 41. Nh2 Kf7 42.
Nfg4 Bd4 43. c5 Qxh3 44. Rxd4 exd4 45. Ne5+ Kf6 46. Nc4 Bxc4 47. Qxc4 Rad8 48.
Rxd4 Rh8 49. Rd2 Rxd2 50. Qc3+ Kg6 0-1

[Event "Olimpiade 2014 - Open"]
[Site "Tromsø"]
[Date "02.08.2014"]
[Round "1.7"]
[Board "2"]
[White "Kawuma, Patrick"]
[Black "Onischuk, Alexander"]
[Result "0-1"]
[WhiteTitle "CM"]
[BlackTitle "GM"]
[WhiteElo "2261"]
[BlackElo "2659"]
[WhiteTeam "Uganda"]
[BlackTeam "United States of America"]
[WhiteFideId "10000127"]
[BlackFideId "14101025"]
[EventDate "2014.08.02"]

1. c4 e6 2. Nf3 Nf6 3. g3 d5 4. Bg2 Be7 5. O-O O-O 6. b3 d4 7. d3 c5 8. e3 Nc6
9. exd4 cxd4 10. Re1 Ne8 11. Na3 f6 12. Nc2 e5 13. Rb1 Nb4 14. a3 Nxc2 15. Qxc2
Nc7 16. b4 Kh8 17. Qe2 Rb8 18. Nh4 g5 19. Nf3 Be6 20. Bb2 Qd7 21. h4 g4 22. Nd2
b6 23. Ne4 Bg8 24. Bc1 f5 25. Nd2 Bf6 26. f3 gxf3 27. Nxf3 Rbe8 28. Bh6 Bg7 29.
Bxg7+ Qxg7 30. Nxe5 Re6 31. Bd5 Nxd5 32. cxd5 Qxg3+ 33. Qg2 Qxg2+ 34. Kxg2 Rh6
35. Rbc1 Bxd5+ 36. Kh3 f4 37. Rg1 Be6+ 38. Kg2 Rxh4 39. Kf2 Rh2+ 40. Rg2 Rxg2+
41. Kxg2 Bd5+ 42. Kf2 Re8 43. Nf3 Re3 44. Nxd4 Rxd3 45. Nf5 Be6 46. Nh4 Rxa3 47.
Rc6 Ra2+ 48. Ke1 Bg4 49. Rf6 Re2+ 50. Kf1 Re4 51. Rf7 a5 0-1

[Event "Olimpiade 2014 - Open"]
[Site "Tromsø"]
[Date "02.08.2014"]
[Round "1.7"]
[Board "3"]
[White "Akobian, Varuzhan"]
[Black "Wanyama, Harold"]
[Result "1-0"]
[WhiteTitle "GM"]
[BlackTitle "FM"]
[WhiteElo "2653"]
[BlackElo "2244"]
[WhiteTeam "United States of America"]
[BlackTeam "Uganda"]
[WhiteFideId "13300580"]
[BlackFideId "10000380"]
[EventDate "2014.08.02"]

1. d4 d5 2. c4 e6 3. Nc3 Nf6 4. cxd5 exd5 5. Bg5 c6 6. Qc2 Be7 7. e3 Nbd7 8. Bd3
O-O 9. Nge2 Re8 10. O-O Nf8 11. f3 Bd6 12. Kh1 h6 13. Bxf6 Qxf6 14. e4 dxe4 15.
fxe4 Qe7 16. e5 Bc7 17. Ne4 Bg4 18. Rad1 Rad8 19. Bc4 Be6 20. b3 Nd7 21. Nf4
Bxc4 22. bxc4 Bb8 23. c5 Nf8 24. Nd6 Bxd6 25. cxd6 Qd7 26. Rd3 Qf5 27. Qd1 Qe4
28. Rg3 Rd7 29. Rxg7+ Kxg7 30. Nh5+ Kh8 31. Nf6 Qg6 32. Nxe8 f5 33. Nf6 Rg7 34.
g3 Ne6 35. Qd3 Rf7 36. d7 Rf8 37. Qc4 Nd8 38. Qc5 Rf7 39. Qxa7 f4 40. Qb6 Rxd7
41. Rxf4 1-0

[Event "Olimpiade 2014 - Open"]
[Site "Tromsø"]
[Date "02.08.2014"]
[Round "1.7"]
[Board "4"]
[White "Ssonko, Mathias Allan"]
[Black "Shankland, Samuel L"]
[Result "0-1"]
[BlackTitle "GM"]
[WhiteElo "2138"]
[BlackElo "2624"]
[WhiteTeam "Uganda"]
[BlackTeam "United States of America"]
[WhiteFideId "10001301"]
[BlackFideId "2004887"]
[EventDate "2014.08.02"]

1. e4 c5 2. Nc3 Nc6 3. Bb5 Nd4 4. Bc4 e6 5. Nge2 Nf6 6. O-O a6 7. a4 d5 8. exd5
exd5 9. Ba2 Bd6 10. d3 O-O 11. Nxd4 cxd4 12. Nxd5 Nxd5 13. Bxd5 Bxh2+ 14. Kxh2
Qxd5 15. Re1 Bd7 16. c4 dxc3 17. bxc3 Bc6 18. f3 Qh5+ 19. Kg1 Qc5+ 20. d4 Qxc3
21. Ba3 Rfe8 22. Be7 Qa5 23. Qc1 Rac8 24. Qf4 f6 25. Qg3 Kf7 26. Qd6 Qf5 27. a5
Bd5 28. Re2 Be6 29. g4 Qd5 30. Rae1 Rc6 31. Qxd5 Bxd5 32. f4 Rc3 33. g5 Rh3 0-1

[Event "Olimpiade 2014 - Open"]
[Site "Tromsø"]
[Date "02.08.2014"]
[Round "1.8"]
[Board "2"]
[White "Yu, Yangyi"]
[Black "Cu Hor, Winston Darwin"]
[Result "1-0"]
[WhiteTitle "GM"]
[BlackTitle "FM"]
[WhiteElo "2668"]
[BlackElo "2259"]
[WhiteTeam "China"]
[BlackTeam "Guatemala"]
[WhiteFideId "8603820"]
[BlackFideId "7300662"]
[EventDate "2014.08.02"]

1. e4 c5 2. Nf3 d6 3. d4 cxd4 4. Nxd4 Nf6 5. Nc3 a6 6. Be3 e5 7. Nb3 Be6 8. h3
Nbd7 9. g4 Rc8 10. Bg2 Nb6 11. Bxb6 Qxb6 12. g5 Nd7 13. h4 Be7 14. Bh3 O-O 15.
Qe2 Nc5 16. O-O-O Rc6 17. Kb1 Kh8 18. Bf5 g6 19. Bxe6 Nxe6 20. Nd5 Qd8 21. Qg4
Ng7 22. f4 f5 23. exf5 gxf5 24. Qg1 Qe8 25. Qa7 Rf7 26. h5 Ne6 27. Qe3 Rc4 28.
fxe5 Re4 29. Qc3 Rxe5 30. g6 Rg7 31. Rde1 hxg6 32. Rxe5 dxe5 33. Qxe5 1-0

[Event "Olimpiade 2014 - Open"]
[Site "Tromsø"]
[Date "02.08.2014"]
[Round "1.8"]
[Board "3"]
[White "Garcia Fuentes, Sergio Miguel"]
[Black "Ni, Hua"]
[Result "0-1"]
[BlackTitle "GM"]
[WhiteElo "2166"]
[BlackElo "2666"]
[WhiteTeam "Guatemala"]
[BlackTeam "China"]
[WhiteFideId "7300549"]
[BlackFideId "8601160"]
[EventDate "2014.08.02"]

1. e4 c5 2. Nf3 e6 3. b3 b6 4. Bb2 Bb7 5. Nc3 Nc6 6. Bb5 Nf6 7. O-O Nd4 8. Bd3
Qb8 9. Nxd4 cxd4 10. Nb5 Nxe4 11. Bxd4 a6 12. Nc3 Bc5 13. Bxc5 Nxc5 14. Be2 d5
15. d4 Nd7 16. Bd3 Qd6 17. Ne2 O-O 18. Qd2 f6 19. a3 e5 20. Bf5 a5 21. Rfe1 g6
22. Bd3 Bc6 23. c4 e4 24. cxd5 Bxd5 25. Bc4 Bxc4 26. bxc4 f5 27. Qa2 Kh8 28. Qb2
Rac8 29. Rac1 Qf6 30. Nf4 Rc6 31. Qb5 Rfc8 32. d5 Rd6 33. Ne6 Nc5 34. Nxc5 Rxc5
35. Qe8+ Kg7 36. Red1 Rd8 37. Qa4 f4 38. Qb3 Rc7 39. h3 g5 40. Qc3 Qxc3 41. Rxc3
Kf6 42. a4 Rdc8 43. d6 Rd7 44. Rd4 Rc6 45. Rxe4 Rdxd6 46. g3 Kf5 47. Re8 Rd4 48.
Rf8+ Ke5 49. Rg8 h6 50. Re8+ Kd6 51. Rh8 Kc5 52. Kg2 fxg3 53. fxg3 Rxc4 54. Ra3
Kb4 55. Ra1 Rc3 56. Re8 Rb3 57. Re4+ Rc4 58. Rxc4+ Kxc4 59. Re1 b5 60. axb5 Rxb5
61. Re4+ Kd5 62. Re8 a4 63. Ra8 Rb4 64. Kf3 Kc4 65. Kg4 Kb3+ 66. Kh5 Rb6 67. Rf8
a3 68. Rf3+ Kb4 0-1

[Event "Olimpiade 2014 - Open"]
[Site "Tromsø"]
[Date "02.08.2014"]
[Round "1.9"]
[Board "2"]
[White "Smirin, Ilia"]
[Black "Abdyjapar, Asyl"]
[Result "1-0"]
[WhiteTitle "GM"]
[BlackTitle "IM"]
[WhiteElo "2656"]
[BlackElo "2368"]
[WhiteTeam "Israel"]
[BlackTeam "Kyrgyzstan"]
[WhiteFideId "2801990"]
[BlackFideId "13800337"]
[EventDate "2014.08.02"]

1. e4 c5 2. Nf3 d6 3. d4 cxd4 4. Nxd4 Nf6 5. Nc3 g6 6. Be3 Bg7 7. f3 Nc6 8. Qd2
O-O 9. Bc4 Bd7 10. O-O-O Rc8 11. Bb3 Ne5 12. Kb1 Nc4 13. Bxc4 Rxc4 14. g4 a6 15.
h4 h5 16. gxh5 Nxh5 17. Rdg1 Kh7 18. Rg5 Rh8 19. Qd3 b5 20. e5 Kg8 21. e6 fxe6
22. Rhg1 Qf8 23. Rxg6 e5 24. Ne6 Bxe6 25. Rxe6 Qf7 26. Reg6 Rxh4 27. Ne4 Rh1 28.
Rxh1 Qxg6 29. Rg1 Qf5 30. Qd5+ Qf7 31. Qa8+ Qf8 32. Qxa6 Qxf3 33. Qa8+ Qf8 34.
Qd5+ Qf7 35. Qxb5 Nf6 36. Nxf6+ exf6 37. a4 Rh3 38. Bb6 f5 39. a5 Qh5 40. a6 1-0

[Event "Olimpiade 2014 - Open"]
[Site "Tromsø"]
[Date "02.08.2014"]
[Round "1.9"]
[Board "3"]
[White "Takyrbashev, B."]
[Black "Sutovsky, Emil"]
[Result "0-1"]
[BlackTitle "GM"]
[WhiteElo "2229"]
[BlackElo "2624"]
[WhiteTeam "Kyrgyzstan"]
[BlackTeam "Israel"]
[WhiteFideId "13800272"]
[BlackFideId "2802007"]
[EventDate "2014.08.02"]

1. d4 Nf6 2. Nf3 g6 3. g3 Bg7 4. Bg2 d6 5. O-O O-O 6. Re1 Ne4 7. Nbd2 Nxd2 8.
Qxd2 a5 9. e4 a4 10. h3 c5 11. Rb1 cxd4 12. Nxd4 Qb6 13. c3 Nc6 14. Rd1 Nxd4 15.
cxd4 Bd7 16. Qe3 Rfc8 17. d5 Rc5 18. Bd2 Qc7 19. Qa3 Rc2 20. Be3 b5 21. Bf1 Qc8
22. Rdc1 Bxh3 23. Rxc2 Qxc2 24. Rc1 Qxb2 25. Qxb2 Bxb2 26. Bxh3 Bxc1 27. Bxc1 b4
28. Kf1 a3 29. Ke2 b3 30. axb3 a2 31. Bb2 a1=Q 32. Bxa1 Rxa1 33. b4 Rb1 0-1

[Event "Olimpiade 2014 - Open"]
[Site "Tromsø"]
[Date "02.08.2014"]
[Round "1.9"]
[Board "4"]
[White "Postny, Evgeny"]
[Black "Mamatov, Melis"]
[Result "1-0"]
[WhiteTitle "GM"]
[WhiteElo "2651"]
[BlackElo "2106"]
[WhiteTeam "Israel"]
[BlackTeam "Kyrgyzstan"]
[WhiteFideId "2804344"]
[BlackFideId "13800027"]
[EventDate "2014.08.02"]

1. d4 d5 2. c4 c6 3. Nf3 Nf6 4. Nc3 e6 5. Bg5 Be7 6. e3 Nbd7 7. Rc1 a6 8. a3 b6
9. Bd3 Bb7 10. O-O b5 11. c5 O-O 12. e4 Nxe4 13. Bxe7 Nxc3 14. Bxh7+ Kh8 15.
Rxc3 Qxe7 16. Ne5 Nxe5 17. Rh3 g6 18. Bxg6+ Kg7 19. Rh7+ Kg8 20. dxe5 1-0

[Event "Olimpiade 2014 - Open"]
[Site "Tromsø"]
[Date "02.08.2014"]
[Round "1.10"]
[Board "2"]
[White "Kett, Tim"]
[Black "Short, Nigel D"]
[Result "0-1"]
[BlackTitle "GM"]
[WhiteElo "2244"]
[BlackElo "2665"]
[WhiteTeam "Wales"]
[BlackTeam "England"]
[WhiteFideId "1801210"]
[BlackFideId "400025"]
[EventDate "2014.08.02"]

1. e4 c5 2. Nf3 d6 3. d4 cxd4 4. Nxd4 Nf6 5. Nc3 a6 6. Bg5 Nc6 7. Qd2 e6 8.
O-O-O Bd7 9. f4 h6 10. Bxf6 Qxf6 11. Nxc6 Bxc6 12. g3 Qd8 13. Bg2 Qb6 14. Ne2
Be7 15. Nd4 O-O 16. h4 Rfd8 17. g4 Bf6 18. c3 Bxd4 19. cxd4 d5 20. e5 Ba4 21. b3
Bd7 22. Kb2 a5 23. a3 Rac8 24. Rh3 Rc7 25. h5 Rdc8 26. g5 Qc6 27. gxh6 Qc2+ 28.
Ka1 gxh6 29. Rg3+ Kf8 30. f5 Qxd2 31. Rxd2 Rc3 32. Rxc3 Rxc3 33. Kb2 Rg3 34. f6
Bb5 35. Rf2 Bd3 36. Bf1 Be4 37. a4 Rf3 38. Rxf3 Bxf3 39. b4 b6 40. bxa5 bxa5 41.
Kc1 Bxh5 42. Bd3 Bg4 43. Kd2 h5 44. Ke3 h4 45. Kf4 Bd1 46. Bb5 Kg8 47. Be8 Bh5
48. Bb5 Kh7 49. Bd3+ Kh6 50. Bf1 Bd1 51. Bb5 Kh5 52. Be8 Kg6 53. Bd7 h3 54. Kg3
Kf5 55. Kxh3 Bh5 56. Kh4 Bg6 57. Be8 Ke4 58. Kg5 Kxd4 59. Kh6 Kxe5 60. Kg7 d4
61. Bxf7 Bxf7 62. Kxf7 d3 63. Kg7 d2 64. f7 d1=Q 65. f8=Q Qg4+ 0-1

[Event "Olimpiade 2014 - Open"]
[Site "Tromsø"]
[Date "02.08.2014"]
[Round "1.10"]
[Board "3"]
[White "Howell, David W L"]
[Black "Sands, David A"]
[Result "1-0"]
[WhiteTitle "GM"]
[WhiteElo "2650"]
[BlackElo "2210"]
[WhiteTeam "England"]
[BlackTeam "Wales"]
[WhiteFideId "410608"]
[BlackFideId "402060"]
[EventDate "2014.08.02"]

1. e4 c5 2. Nf3 e6 3. g3 d5 4. exd5 exd5 5. d4 Nc6 6. Bg2 Nf6 7. O-O Be7 8. h3
O-O 9. Be3 cxd4 10. Nxd4 h6 11. Nd2 Re8 12. c3 Bd7 13. Re1 Bf8 14. Kh2 Ne5 15.
Re2 Rc8 16. Qb3 b6 17. Rd1 Nd3 18. Qc2 Nc5 19. Rde1 Ba4 20. Qb1 Bd7 21. Nf1 Nce4
22. Qd3 Nc5 23. Qd1 Ba4 24. Qb1 Bd7 25. Bf4 Nce4 26. Qd1 g6 27. Bc1 Bg7 28. Ne3
Ng5 29. Qd3 Nge4 30. Nxd5 Nxf2 31. Rxe8+ Bxe8 32. Nxf6+ Qxf6 33. Qe2 Nxh3 34.
Bxh3 Rd8 35. Rf1 Qd6 36. Bf4 Qc5 37. Re1 Bf8 38. Be5 Bd7 39. Qf3 Qe7 40. Bxd7
Rxd7 41. Re2 Qd8 1-0

[Event "Olimpiade 2014 - Open"]
[Site "Tromsø"]
[Date "02.08.2014"]
[Round "1.10"]
[Board "4"]
[White "Rayner, Francis"]
[Black "Sadler, Matthew D"]
[Result "0-1"]
[BlackTitle "GM"]
[WhiteElo "2177"]
[BlackElo "2653"]
[WhiteTeam "Wales"]
[BlackTeam "England"]
[WhiteFideId "1800132"]
[BlackFideId "400173"]
[EventDate "2014.08.02"]

1. e4 e6 2. d4 d5 3. Nd2 h6 4. Ngf3 Nf6 5. exd5 exd5 6. Bd3 c5 7. dxc5 Bxc5 8.
O-O O-O 9. Nb3 Bb6 10. c3 Bg4 11. h3 Bh5 12. Be2 Nc6 13. Nbd4 Re8 14. Be3 Bg6
15. Re1 Ne4 16. Bb5 Rc8 17. Qa4 Qf6 18. Qb3 Na5 19. Qd1 Red8 20. Nd2 a6 21. Bf1
Nxd2 22. Qxd2 Nc4 23. Bxc4 dxc4 24. Qe2 Rd5 25. Qg4 Re8 26. Qg3 Qd8 27. Rad1 Kh7
28. f3 Re7 29. Kh1 Bc5 30. Bg1 Bd6 31. Qf2 Qa5 32. Rxe7 Bxe7 33. Qe2 Qc7 34. Bh2
Qc5 35. Re1 Bh4 36. Rd1 b5 37. a3 Rd7 38. Qe5 Qb6 39. Bg1 Qb7 40. Qf4 Bg5 41.
Qg3 Bf6 42. Re1 Rd8 43. Qf4 Bg5 44. Qg3 Bd3 45. Bh2 Bf6 46. Bg1 a5 47. Qg4 b4
48. axb4 axb4 49. Qf4 Bg5 50. Qg4 bxc3 51. bxc3 Bd2 52. Rd1 Bxc3 53. Nf5 Qb3 54.
f4 Bf6 55. Ne3 Qb5 56. Qf3 Bb2 57. Nc2 Re8 58. Nd4 Qa6 59. Qd5 Kg8 60. Nb5 Qg6
61. Rd2 Bc1 62. Qd7 Re1 63. Qd8+ Kh7 64. f5 Qg3 65. Rf2 Qxf2 66. Qd6 0-1

[Event "Olimpiade 2014 - Open"]
[Site "Tromsø"]
[Date "02.08.2014"]
[Round "1.11"]
[Board "2"]
[White "L'Ami, Erwin"]
[Black "Garcia Paolicchi, Raul"]
[Result "1-0"]
[WhiteTitle "GM"]
[BlackTitle "FM"]
[WhiteElo "2631"]
[BlackElo "2176"]
[WhiteTeam "Netherlands"]
[BlackTeam "Andorra"]
[WhiteFideId "1007998"]
[BlackFideId "6900020"]
[EventDate "2014.08.02"]

1. d4 d5 2. c4 e6 3. Nc3 c5 4. cxd5 exd5 5. Nf3 Nc6 6. g3 Nf6 7. Bg2 Be7 8. O-O
O-O 9. dxc5 Bxc5 10. a3 Ne4 11. Nxd5 Be6 12. Nc3 Nxc3 13. bxc3 Qxd1 14. Rxd1 Na5
15. Nd4 Bc4 16. e4 Rac8 17. Be3 b6 18. a4 g6 19. f3 Be7 20. Bf2 Ba6 21. Rac1
Rfd8 22. f4 Ba3 23. Rc2 Bb7 24. e5 Bxg2 25. Kxg2 Rc4 26. Ra1 Be7 27. Raa2 f6 28.
Nf3 Rdc8 29. Bd4 f5 30. Rcb2 Kf7 31. h3 h6 32. e6+ 1-0

[Event "Olimpiade 2014 - Open"]
[Site "Tromsø"]
[Date "02.08.2014"]
[Round "1.11"]
[Board "3"]
[White "Jose Queralto, Daniel"]
[Black "Tiviakov, Sergei"]
[Result "0-1"]
[WhiteTitle "CM"]
[BlackTitle "GM"]
[WhiteElo "2122"]
[BlackElo "2664"]
[WhiteTeam "Andorra"]
[BlackTeam "Netherlands"]
[WhiteFideId "6900089"]
[BlackFideId "1008013"]
[EventDate "2014.08.02"]

1. e4 d5 2. exd5 Qxd5 3. Nc3 Qd6 4. d4 Nf6 5. Be3 c6 6. Qd2 Bf5 7. Nge2 e6 8.
Ng3 Bg6 9. f3 Qc7 10. Bf4 Bd6 11. Bxd6 Qxd6 12. Nge4 Qe7 13. Nxf6+ Qxf6 14.
O-O-O Nd7 15. Ne4 Qe7 16. Bd3 O-O-O 17. Rhe1 Bxe4 18. Bxe4 Nf6 19. Kb1 Rd7 20.
Qa5 Kb8 21. c3 Rhd8 22. Qe5+ Ka8 23. Bc2 Rd5 24. Qe2 h5 25. Bb3 R5d6 26. Qe5 g6
27. Qg5 R8d7 28. Re5 Qd8 29. Rde1 a6 30. Kc2 Qh8 31. Kb1 Nd5 32. R5e2 Ne7 33.
Qf4 Qh7 34. Kc1 Rd8 35. h4 Nf5 36. Bc2 Qh6 37. Qxh6 Nxh6 38. Re5 Kb8 39. R1e2
Kc7 40. Kd1 Ng8 41. Ke1 Nf6 42. Rd2 b6 43. Ree2 b5 44. a3 a5 45. Re5 Kb6 46. g3
b4 47. axb4 axb4 48. Bb3 Ra8 49. Rc5 bxc3 50. bxc3 Ra3 51. Rb2 Kc7 52. Ke2 Rd8
53. Rc4 Nd5 54. Kd3 Rb8 55. Rxc6+ Kxc6 56. Bxd5+ Kc7 0-1

[Event "Olimpiade 2014 - Open"]
[Site "Tromsø"]
[Date "02.08.2014"]
[Round "1.11"]
[Board "4"]
[White "Van Kampen, Robin"]
[Black "Ribera Bazan, Jose"]
[Result "1-0"]
[WhiteTitle "GM"]
[WhiteElo "2638"]
[BlackElo "2117"]
[WhiteTeam "Netherlands"]
[BlackTeam "Andorra"]
[WhiteFideId "1020854"]
[BlackFideId "6900305"]
[EventDate "2014.08.02"]

1. e4 c5 2. Nf3 Nc6 3. Bb5 Nf6 4. Nc3 g6 5. Bxc6 dxc6 6. h3 Bg7 7. d3 O-O 8. O-O
Nd7 9. Be3 e5 10. Qd2 Re8 11. Nh2 Qe7 12. Bh6 Nf8 13. Bxg7 Kxg7 14. Ne2 Ne6 15.
Kh1 b6 16. a4 a5 17. b3 Ra7 18. f4 exf4 19. Nxf4 Nxf4 20. Rxf4 Qe5 21. Raf1 Kg8
22. Rf6 Be6 23. Qh6 Qd6 24. Nf3 Qf8 25. Qf4 Rd7 26. Ne5 Qd6 27. Nxd7 Qxd7 28. h4
Kh8 29. h5 gxh5 30. Rh6 Rg8 31. Qf6+ Rg7 32. Rxh5 1-0

[Event "Olimpiade 2014 - Open"]
[Site "Tromsø"]
[Date "02.08.2014"]
[Round "1.12"]
[Board "1"]
[White "Meier, Georg"]
[Black "Salih, Akar Ali Salih"]
[Result "1-0"]
[WhiteTitle "GM"]
[BlackTitle "FM"]
[WhiteElo "2646"]
[BlackElo "2315"]
[WhiteTeam "Germany"]
[BlackTeam "Iraq"]
[WhiteFideId "4675789"]
[BlackFideId "4800575"]
[EventDate "2014.08.02"]

1. e4 d6 2. d4 Nf6 3. Nc3 e5 4. dxe5 dxe5 5. Qxd8+ Kxd8 6. Bc4 Be6 7. Bxe6 fxe6
8. f3 Nbd7 9. Nh3 Bb4 10. Bd2 a6 11. Nf2 Ke7 12. Nd3 Bd6 13. b3 Rhf8 14. a4 b6
15. Ke2 c5 16. Nd1 Nb8 17. Ne3 Nc6 18. Nc4 Bc7 19. c3 Nd7 20. Bg5+ Ke8 21. Be3
Rb8 22. b4 b5 23. axb5 axb5 24. Na5 Nxa5 25. bxa5 Bd6 26. a6 c4 27. Nb4 Nc5 28.
Rad1 Be7 29. Nc6 Rc8 30. a7 Kf7 31. Nxe7 Kxe7 32. a8=Q 1-0

[Event "Olimpiade 2014 - Open"]
[Site "Tromsø"]
[Date "02.08.2014"]
[Round "1.12"]
[Board "2"]
[White "Noah, A .H. Al-Ali"]
[Black "Fridman, Daniel"]
[Result "0-1"]
[WhiteTitle "IM"]
[BlackTitle "GM"]
[WhiteElo "2326"]
[BlackElo "2639"]
[WhiteTeam "Iraq"]
[BlackTeam "Germany"]
[WhiteFideId "4800249"]
[BlackFideId "11600454"]
[EventDate "2014.08.02"]

1. e4 c6 2. d3 d5 3. Nd2 g6 4. Ngf3 Bg7 5. Be2 e5 6. O-O Ne7 7. Re1 O-O 8. Bf1
d4 9. Nc4 b5 10. Ncd2 Nd7 11. c3 c5 12. cxd4 cxd4 13. a4 Ba6 14. a5 Nc6 15. Nb3
Qe7 16. Bg5 f6 17. Bd2 Rfc8 18. h4 h5 19. g3 Rc7 20. Bh3 Bc8 21. Rf1 Nf8 22. Bg2
Be6 23. Ne1 Nb4 24. Nc1 Rac8 25. f4 Nc2 26. Nxc2 Rxc2 27. f5 gxf5 28. exf5 Bf7
29. Rb1 Kh7 30. Rf2 Qc7 31. b4 Bh6 32. Bxh6 Kxh6 33. Rxc2 Qxc2 34. Ne2 Nd7 35.
Qc1+ Kg7 36. Qxc2 Rxc2 37. Kf2 Nb8 38. Bb7 Be8 39. Rc1 Rxc1 40. Nxc1 Bd7 41. Be4
Na6 42. Na2 Nc7 43. Nc1 Ne8 44. Nb3 Nd6 45. Nc5 Bxf5 46. Bc6 Kf7 47. a6 Ke7 48.
Ke2 Bg4+ 49. Kf2 Kd8 50. Bf3 f5 51. Ne6+ Ke7 52. Ng7 Kf7 53. Nxh5 Kg6 0-1

[Event "Olimpiade 2014 - Open"]
[Site "Tromsø"]
[Date "02.08.2014"]
[Round "1.12"]
[Board "3"]
[White "Nisipeanu, Liviu-Dieter"]
[Black "Mohammed, Zozek Salah Mohammed"]
[Result "1-0"]
[WhiteTitle "GM"]
[BlackTitle "CM"]
[WhiteElo "2689"]
[BlackElo "2226"]
[WhiteTeam "Germany"]
[BlackTeam "Iraq"]
[WhiteFideId "1202758"]
[BlackFideId "4803361"]
[EventDate "2014.08.02"]

1. d4 d5 2. c4 c6 3. Nf3 Nf6 4. e3 e6 5. Bd3 Nbd7 6. b3 dxc4 7. Bxc4 b5 8. Be2
a6 9. O-O c5 10. a4 bxa4 11. Nc3 axb3 12. d5 Rb8 13. dxe6 fxe6 14. Rb1 Be7 15.
Rxb3 O-O 16. Ng5 Rb6 17. Qc2 Ne5 18. f4 Nc6 19. Rxb6 Qxb6 20. Na4 Qa5 21. Bc4
Nb4 22. Qb3 Nfd5 23. e4 Bd7 24. exd5 Bxa4 25. Qh3 Bxg5 26. Qxe6+ Kh8 27. fxg5
Rxf1+ 28. Kxf1 Qd8 29. Bb2 Qd7 30. d6 Qxe6 31. Bxe6 Nd3 32. Ba1 Nf4 33. Bf5 Nd5
34. d7 1-0

[Event "Olimpiade 2014 - Open"]
[Site "Tromsø"]
[Date "02.08.2014"]
[Round "1.12"]
[Board "4"]
[White "Al-Khattab, Ghassan M. Ali Ajmed"]
[Black "Baramidze, David"]
[Result "0-1"]
[WhiteTitle "FM"]
[BlackTitle "GM"]
[WhiteElo "2140"]
[BlackElo "2612"]
[WhiteTeam "Iraq"]
[BlackTeam "Germany"]
[WhiteFideId "4800168"]
[BlackFideId "4667719"]
[EventDate "2014.08.02"]

1. e4 e5 2. Nf3 Nc6 3. Bb5 a6 4. Ba4 Nf6 5. O-O Be7 6. d3 b5 7. Bb3 d6 8. c3 O-O
9. Re1 Na5 10. Bc2 c5 11. a4 b4 12. h3 Rb8 13. Nbd2 Qc7 14. cxb4 Rxb4 15. b3 Re8
16. Nc4 Nc6 17. Bd2 Rb8 18. Bc3 Bf8 19. a5 Bb7 20. Nb6 Rbd8 21. Nd2 d5 22. exd5
Nxd5 23. Nxd5 Rxd5 24. Qe2 Re6 25. Nc4 Nd4 26. Bxd4 exd4 27. Qf1 Rg6 28. Bd1
Rdg5 29. g4 h5 30. Qe2 hxg4 31. hxg4 Rh6 0-1

[Event "Olimpiade 2014 - Open"]
[Site "Tromsø"]
[Date "02.08.2014"]
[Round "1.13"]
[Board "2"]
[White "Bruzon Batista, Lazaro"]
[Black "Almedina Ortiz, Edgardo J."]
[Result "1-0"]
[WhiteTitle "GM"]
[BlackTitle "FM"]
[WhiteElo "2664"]
[BlackElo "2277"]
[WhiteTeam "Cuba"]
[BlackTeam "Puerto Rico"]
[WhiteFideId "3503739"]
[BlackFideId "3100197"]
[EventDate "2014.08.02"]

1. e4 e5 2. Nf3 Nf6 3. Nxe5 d6 4. Nf3 Nxe4 5. Nc3 Nxc3 6. dxc3 Be7 7. Be3 O-O 8.
Qd2 Nc6 9. O-O-O Ne5 10. h3 Bf6 11. Nh2 Be6 12. b3 c5 13. Kb2 Qa5 14. Bg5 Bxg5
15. Qxg5 c4 16. Qd2 Rfc8 17. f4 Nd7 18. Nf3 Nf6 19. Ng5 Bd5 20. Qd4 Rc6 21. bxc4
Rb6+ 22. Kc1 Qa3+ 23. Kd2 Bc6 24. Bd3 Rb2 25. Rde1 Rxa2 26. Re3 h6 27. Nf3 Ra1
28. Rxa1 Qxa1 29. Nh4 Re8 30. Nf5 Rxe3 31. Qxe3 Qh1 32. Nxd6 Qxg2+ 33. Kc1 Kf8
34. Kb2 a6 35. Qc5 Kg8 36. Qe3 Kf8 37. Qc5 Kg8 38. Bf5 Qe2 39. Qd4 Qe1 40. c5
Nd5 41. Bd3 Qh4 42. Bc4 Qh5 43. Bb3 Kf8 44. Nxb7 Bxb7 45. c6 Bc8 46. Qc5+ Ke8
47. Bxd5 Qxh3 48. c7 f6 49. Qd6 Bd7 50. Bc6 1-0

[Event "Olimpiade 2014 - Open"]
[Site "Tromsø"]
[Date "02.08.2014"]
[Round "1.13"]
[Board "3"]
[White "Montalvo Rosario, Alejandro"]
[Black "Quesada Perez, Yuniesky"]
[Result "0-1"]
[WhiteTitle "IM"]
[BlackTitle "GM"]
[WhiteElo "2296"]
[BlackElo "2649"]
[WhiteTeam "Puerto Rico"]
[BlackTeam "Cuba"]
[WhiteFideId "3100260"]
[BlackFideId "3504409"]
[EventDate "2014.08.02"]

1. d4 Nf6 2. Bg5 e6 3. e4 h6 4. Bxf6 Qxf6 5. c3 d6 6. Bd3 g6 7. Ne2 Bg7 8. O-O
O-O 9. f4 Nd7 10. Nd2 Qd8 11. f5 e5 12. Nf3 Kh7 13. g4 c5 14. dxe5 Nxe5 15. Nxe5
Bxe5 16. Rf2 Qg5 17. h3 Bd7 18. Qc1 Bc6 19. Nf4 Rae8 20. Nd5 Qh4 21. Qf1 gxf5
22. Rd1 fxg4 23. Rdd2 gxh3 24. Rf3 Qg5+ 25. Kh1 Qxd2 26. Rxf7+ Rxf7 27. Qxf7+
Kh8 0-1